Loading...
Mythology | 0 | 3 | 0 | 2 | 30 | 119 | 124.33 | 0 | 0 |
History - European History | 0 | 2 | 0 | 1 | 20 | 72 | 99.50 | 0 | 1 |
History - Other History | 0 | 1 | 0 | 0 | 10 | 131 | 131.00 | 0 | 1 |
History - American History | 0 | 1 | 0 | 1 | 10 | 105 | 105.00 | 0 | 1 |
Literature - American Literature | 0 | 1 | 0 | 0 | 10 | 112 | 112.00 | 0 | 0 |
Literature - British Literature | 0 | 1 | 0 | 1 | 10 | 155 | 155.00 | 0 | 1 |
Science - Biology | 0 | 0 | 0 | 0 | 0 | 0.00 | 0 | 0 | |
Science - Chemistry | 0 | 0 | 0 | 0 | 0 | 0.00 | 0 | 0 | |
Social Science | 0 | 0 | 1 | 0 | -5 | 0.00 | 0 | 0 | |
Philosophy | 0 | 0 | 1 | 0 | -5 | 0.00 | 0 | 0 | |
Science - Other Science | 0 | 0 | 1 | 0 | -5 | 0.00 | 0 | 0 | |
Science - Physics | 0 | 0 | 2 | 0 | -10 | 0.00 | 0 | 0 |